<?xml version="1.0" encoding="UTF-8"?>
<record
    xmlns:xsi="http://www.w3.org/2001/XMLSchema-instance"
    xsi:schemaLocation="http://www.loc.gov/MARC21/slim http://www.loc.gov/standards/marcxml/schema/MARC21slim.xsd"
    xmlns="http://www.loc.gov/MARC21/slim">

  <leader>03465nam a2200313 a 4500</leader>
  <controlfield tag="005">20171124020002.0</controlfield>
  <controlfield tag="008">140312b2003    ck ||||| |||| 00| 0 spa d</controlfield>
  <datafield tag="040" ind1=" " ind2=" ">
    <subfield code="a">CO-BoIAVH</subfield>
    <subfield code="c">CO-BoIAVH</subfield>
  </datafield>
  <datafield tag="041" ind1=" " ind2=" ">
    <subfield code="a">spa</subfield>
  </datafield>
  <datafield tag="044" ind1=" " ind2=" ">
    <subfield code="a">ck</subfield>
  </datafield>
  <datafield tag="090" ind1=" " ind2=" ">
    <subfield code="a">LB</subfield>
    <subfield code="b">03652</subfield>
  </datafield>
  <datafield tag="100" ind1=" " ind2=" ">
    <subfield code="a">Melo V&#xE1;squez, Isabel</subfield>
    <subfield code="9">5025</subfield>
  </datafield>
  <datafield tag="245" ind1=" " ind2=" ">
    <subfield code="a">Evaluaci&#xF3;n de la cacer&#xED;a de subsistencia y la p&#xE9;rdida de h&#xE1;bitat sobre algunas poblaciones naturales de Crax alberti  (Cracidae), en los municipios Anor&#xED;, Puerto Berr&#xED;o y Remedios en el nororiente de Antioquia</subfield>
  </datafield>
  <datafield tag="260" ind1=" " ind2=" ">
    <subfield code="a">Medell&#xED;n</subfield>
    <subfield code="b">Universidad de Antioquia</subfield>
    <subfield code="b">Instituto Alexander von Humboldt</subfield>
    <subfield code="c">2003</subfield>
  </datafield>
  <datafield tag="300" ind1=" " ind2=" ">
    <subfield code="a">80 paginas</subfield>
  </datafield>
  <datafield tag="520" ind1=" " ind2=" ">
    <subfield code="a">Presenta la evaluaci&#xF3;n de la p&#xE9;rdida de &#xE1;rea de distribuci&#xF3;n potencial y la cacer&#xED;a de subsistencia sobre el paujil de pico azul en el nororiente de Antioquia. Para la p&#xE9;rdida de &#xE1;rea de distribuci&#xF3;n se utiliz&#xF3; un sistema de informaci&#xF3;n geogr&#xE1;fico con el cual se estimaron las &#xE1;reas de distribuci&#xF3;n potencial de la especie y se calcularon las p&#xE9;rdidas de estas de 1986 y en 2002. Adicionalmente, se realiz&#xF3; un an&#xE1;lisis de fragmentaci&#xF3;n y del estado de conservaci&#xF3;n seg&#xFA;n la metodolog&#xED;a propuesta por Dinerstein et. al (1995). En 1986 la especie hab&#xED;a perdido un 58.4% de su distribuci&#xF3;n potencal original, y entre 1986 y 2002 perdi&#xF3; un 38.6% con tasa de forestaci&#xF3;n anual de 158.4 Km2, correspondientes al 2.4% en los &#xFA;timos a&#xF1;os, sin embargo, en ambos peri&#xF3;dos se conservan fragmentos extensos de bosque. Para realizar el an&#xE1;lisis del estado de conservaci&#xF3;n se dividi&#xF3; el &#xE1;rea de la distribuci&#xF3;n potencial del 2002 en ocho zonas, una de las cuales result&#xF3; relativamente estable, dos vulnerables, cuatro en peligro y una en estado cr&#xED;tico. La informaci&#xF3;n obtenida muestra que el paujil de pico azul se encuentra en peligro cr&#xED;tico en el &#xE1;rea de estudio, sin embargo se presentan algunas zonas donde se podr&#xED;an realizar propuestas efectivas para promover la conservaci&#xF3;n de la especie. La cacer&#xED;a de subsistencia se evalu&#xF3; en los municipios de  Anor&#xED;, Puerto Berr&#xED;o y Remedios, se recopil&#xF3; informaci&#xF3;n de los planes de ordenamiento territorial de cada municipio referente a la actividad econ&#xF3;mica, uso de la tierra y poblaci&#xF3;n y de los usuarios para completar el an&#xE1;lisis, en total reconocen 44 especies de mam&#xED;feros y 98 especies de aves como presa de caza. En el &#xFA;ltimo a&#xF1;o se registran 80 especies de aves y mam&#xED;feros cazados en el &#xE1;rea de estudio, el pauijil de pico azul ocup&#xF3; el doceavo lugar entre estas y fue cazado principalmente para consumo y en menor medida para ser tenido como mascota. La mayor tasa de extracci&#xF3;n (individuos/cazador/a&#xF1;o) se present&#xF3; en el municipio de Anor&#xED; y se concentr&#xF3; en la &#xE9;poca reproductiva. La informaci&#xF3;n obtenida permite conocer algunos efectos que podr&#xED;a tener la cacer&#xED;a sobre poblaciones anuales de paujil de pico azul, lo que se ve agravado por el proceso de fragmentaci&#xF3;n y p&#xE9;rdida de &#xE1;rea de distribuci&#xF3;n</subfield>
  </datafield>
  <datafield tag="650" ind1=" " ind2=" ">
    <subfield code="a">Fauna amenazada</subfield>
    <subfield code="9">1355</subfield>
  </datafield>
  <datafield tag="650" ind1=" " ind2=" ">
    <subfield code="a">Especies vulnerables</subfield>
    <subfield code="9">21076</subfield>
  </datafield>
  <datafield tag="650" ind1=" " ind2=" ">
    <subfield code="a">Cacer&#xED;a de subsistencia</subfield>
    <subfield code="9">21077</subfield>
  </datafield>
  <datafield tag="650" ind1=" " ind2=" ">
    <subfield code="a">Uso de fauna silvestre</subfield>
    <subfield code="9">16285</subfield>
  </datafield>
  <datafield tag="650" ind1=" " ind2=" ">
    <subfield code="a">Aves</subfield>
    <subfield code="9">41241</subfield>
  </datafield>
  <datafield tag="650" ind1=" " ind2=" ">
    <subfield code="a">P&#xE9;rdida de h&#xE1;bitat</subfield>
    <subfield code="9">21079</subfield>
  </datafield>
  <datafield tag="662" ind1=" " ind2=" ">
    <subfield code="a">Colombia</subfield>
    <subfield code="d">Anor&#xED;</subfield>
    <subfield code="b">Antioquia</subfield>
  </datafield>
  <datafield tag="662" ind1=" " ind2=" ">
    <subfield code="a">Colombia</subfield>
    <subfield code="d">Puerto Berr&#xED;o</subfield>
    <subfield code="b">Antioquia</subfield>
  </datafield>
  <datafield tag="662" ind1=" " ind2=" ">
    <subfield code="a">Colombia</subfield>
    <subfield code="d">Remedios</subfield>
    <subfield code="b">Antioquia</subfield>
  </datafield>
  <datafield tag="700" ind1=" " ind2=" ">
    <subfield code="a">Ochoa Quintero, Jos&#xE9; Manuel</subfield>
    <subfield code="9">5022</subfield>
  </datafield>
  <datafield tag="942" ind1=" " ind2=" ">
    <subfield code="c">INFORME</subfield>
    <subfield code="2">z</subfield>
    <subfield code="0">1</subfield>
  </datafield>
  <datafield tag="945" ind1=" " ind2=" ">
    <subfield code="d">2004-06-28</subfield>
  </datafield>
  <datafield tag="999" ind1=" " ind2=" ">
    <subfield code="c">3934</subfield>
    <subfield code="d">3934</subfield>
  </datafield>
  <datafield tag="952" ind1=" " ind2=" ">
    <subfield code="0">0</subfield>
    <subfield code="1">0</subfield>
    <subfield code="2">z</subfield>
    <subfield code="4">0</subfield>
    <subfield code="7">0</subfield>
    <subfield code="8">GENERAL</subfield>
    <subfield code="I">INV2017</subfield>
    <subfield code="a">Bogota</subfield>
    <subfield code="b">Bogota</subfield>
    <subfield code="d">2004-06-28</subfield>
    <subfield code="e">Franco, Ana Mar&#xED;a</subfield>
    <subfield code="l">1</subfield>
    <subfield code="o">LB-03652</subfield>
    <subfield code="p">016122</subfield>
    <subfield code="r">2017-11-23 00:00:00</subfield>
    <subfield code="s">2017-11-23</subfield>
    <subfield code="t">Ej. 1</subfield>
    <subfield code="w">2012-12-04</subfield>
    <subfield code="x">Entregado</subfield>
    <subfield code="y">INFORME</subfield>
  </datafield>
</record>
